[Event "LEM Schleswig-Holstein 2013"]
[Site "Neumuenster GER"]
[Date "2013.03.25"]
[Round "3.1"]
[White "Kopylov,M"]
[Black "Schwarz,Fr"]
[Result "1-0"]
[WhiteElo "2465"]
[BlackElo "2252"]

1.d4 Nf6 2.c4 g6 3.g3 Bg7 4.Bg2 O-O 5.Nf3 d6 6.O-O Nbd7 7.Qc2 c6 8.Rd1 Qc7
9.Nc3 e5 10.h3 Re8 11.e4 exd4 12.Nxd4 Nc5 13.Be3 Qe7 14.Re1 a5 15.Rad1 Qf8
16.f4 h5 17.Bf2 Nfd7 18.Qd2 Nb6 19.b3 a4 20.Qc2 axb3 21.axb3 Nbd7 22.b4 Na6
23.b5 Nb4 24.Qb3 c5 25.Nf3 Nb6 26.e5 Bf5 27.Ne4 Bxe4 28.Rxe4 dxe5 29.Nxe5 Red8
30.Ree1 Rxd1 31.Rxd1 Qe7 32.Re1 Qc7 33.Nd3 Nxd3 34.Qxd3 Rd8 35.Qe4 Rd7 36.f5 Qd6
37.fxg6 fxg6 38.Qe8+ Kh7 39.Re6 Qd1+ 40.Bf1 Qc2 41.Rxb6 Rd2 42.Rxb7 Rxf2
43.Qe7 Rxf1+ 44.Kxf1 Qxc4+ 45.Kf2 Qd4+ 46.Qe3 Qb2+ 47.Kf3 Qf6+ 48.Kg2 Qb2+
49.Qf2 Qe5 50.b6 Qd5+ 51.Qf3 Qa2+ 52.Kh1 Qb1+ 53.Kh2 Qa2+ 54.Qg2 Qe6 55.Qb2  1-0

[Event "LEM Schleswig-Holstein 2013"]
[Site "Neumuenster GER"]
[Date "2013.03.26"]
[Round "5.1"]
[White "Kopylov,M"]
[Black "Krause,Jonah"]
[Result "1/2-1/2"]
[WhiteElo "2465"]
[BlackElo "2017"]

1.d4 Nf6 2.c4 g6 3.g3 Bg7 4.Bg2 O-O 5.Nf3 d6 6.O-O Nbd7 7.Qc2 e5 8.Rd1 Re8
9.Nc3 exd4 10.Nxd4 a6 11.b3 Rb8 12.Bb2 c5 13.Nf3 Qe7 14.Qd2 b5 15.cxb5 axb5
16.Qxd6 Qxd6 17.Rxd6 b4 18.Na4 Rxe2 19.Rd2 Rxd2 20.Nxd2 Ba6 21.Rc1 Rd8 22.Nc4 Bb5
23.Rd1 Bxc4 24.bxc4 Re8 25.Bc6 Re7 26.Nxc5 Nxc5 27.Rd8+ Ne8 28.Bxg7 Kxg7
29.Bxe8 Re2 30.Ra8 Nd3 31.f4 Nc1 32.Rb8 Nxa2 33.c5 b3 34.c6 b2 35.c7 Rxe8
36.Rxb2  1/2-1/2

[Event "O2C Doeberl Cup Premier 2013"]
[Site "Canberra AUS"]
[Date "2013.03.28"]
[Round "2.18"]
[White "Guo,E"]
[Black "Garner,D"]
[Result "0-1"]
[WhiteElo "2092"]
[BlackElo "2150"]

1.d4 Nf6 2.c4 g6 3.Nf3 Bg7 4.g3 O-O 5.Bg2 d6 6.Nc3 Nbd7 7.O-O c6 8.b3 Re8
9.e4 e5 10.Bb2 exd4 11.Nxd4 Nc5 12.Re1 Qb6 13.Qd2 a5 14.Nc2 Be6 15.Rad1 Rad8
16.Ba3 Ng4 17.Nd4 Bc8 18.Na4 Nxa4 19.bxa4 Ne5 20.Qc2 Bg4 21.Rd2 Qa6 22.h3 Nxc4
23.Bf1 Nxa3 24.Qb3 Qa7 25.hxg4 Bxd4 26.Qxa3 d5 27.Qf3 Qc5 28.Rde2 Re6 29.exd5 Rf6  0-1

[Event "ch-SRB w 2013"]
[Site "Pirot SRB"]
[Date "2013.03.28"]
[Round "6"]
[White "Nonkovic,B"]
[Black "Benderac,A"]
[Result "0-1"]
[WhiteElo "2052"]
[BlackElo "2226"]

1.d4 Nf6 2.Nf3 g6 3.g3 Bg7 4.Bg2 d6 5.c4 O-O 6.O-O c6 7.Nc3 Qc7 8.e4 Bg4
9.Be3 Nbd7 10.Qc2 Bxf3 11.Bxf3 e5 12.b3 Rfe8 13.Rad1 Nf8 14.c5 dxc5 15.dxc5 Ne6
16.Rd2 Rad8 17.Rfd1 Rxd2 18.Rxd2 Rd8 19.Qd1 Rxd2 20.Qxd2 Nd7 21.b4 h5 22.Bd1 a5
23.a3 axb4 24.axb4 b6 25.cxb6 Nxb6 26.Qa2 Nd4 27.Qa6 Nd7 28.b5 cxb5 29.Nxb5 Qc4
30.Qa8+ Kh7 31.Nxd4 exd4 32.Bf4 Be5 33.Qd5 Qxd5 34.exd5 Bxf4 35.gxf4 Kg7
36.Bc2 Kf6 37.Kg2 Nc5 38.Kf3 Ke7 39.f5 g5 40.Kg2 Kd6 41.Bd1 h4 42.f4 gxf4
43.Kh3 Kxd5 44.Kxh4 Ke5 45.Kg4 Ne4 46.Kf3 d3  0-1

[Event "LVIII ch-Catarinense 2013"]
[Site "Florianopolis BRA"]
[Date "2013.03.29"]
[Round "3.4"]
[White "Dos Santos,H"]
[Black "Feliciano,V"]
[Result "1-0"]
[WhiteElo "2247"]
[BlackElo "2233"]

1.d4 Nf6 2.Nf3 g6 3.g3 Bg7 4.Bg2 d6 5.c4 O-O 6.O-O Nc6 7.h3 a6 8.Nc3 Rb8
9.Be3 b5 10.cxb5 axb5 11.Nd2 Bd7 12.Rc1 e5 13.dxe5 Nxe5 14.b3 c6 15.f4 Neg4
16.hxg4 Nxg4 17.Bf2 Nxf2 18.Rxf2 Bd4 19.Nf1 Bxf2+ 20.Kxf2 d5 21.Qd4 Re8 22.e4 Bg4
23.Ne3 Be6 24.exd5 cxd5 25.Bxd5 Qb6 26.Qxb6 Rxb6 27.Bxe6 Rbxe6 28.Ncd5 Ra8
29.Rc2 Rd6 30.g4 Kg7 31.Kf3 Rad8 32.Rc5 Rb8 33.f5 Ra6 34.Nb4 Rd6 35.g5 f6
36.Rc7+ Kh8 37.gxf6 Rxf6 38.Nbd5 Ra6 39.Kf4 gxf5 40.Nxf5 Rxa2 41.Nf6 Rh2
42.Ng3 Rf8 43.Ne4 b4 44.Rb7 Rh1 45.Kf5 Ra8 46.Rxb4 Rha1 47.Nd6 R1a7 48.Ke6 Rf8
49.Rg4 Rg7 50.b4 Rb8 51.Nf7+ Rxf7 52.Kxf7 Rb7+ 53.Kf8 Rb8+ 54.Ne8 Rb5 55.Rg7  1-0

[Event "O2C Doeberl Cup Premier 2013"]
[Site "Canberra AUS"]
[Date "2013.03.30"]
[Round "5.9"]
[White "Van Wely,L"]
[Black "Brown,An"]
[Result "1-0"]
[WhiteElo "2684"]
[BlackElo "2295"]

1.d4 Nf6 2.c4 g6 3.Nf3 Bg7 4.g3 O-O 5.Bg2 d6 6.O-O Nbd7 7.Nc3 e5 8.e4 c6
9.Re1 Qb6 10.h3 exd4 11.Nxd4 Ng4 12.Nce2 Nde5 13.b3 Nf6 14.Be3 c5 15.Nb5 Bxh3
16.Bxh3 Nf3+ 17.Kf1 Nxe1 18.Qxe1 Nxe4 19.Nec3 a6 20.Nd5 Qd8 21.Nbc7 Ra7 22.Rd1 b5
23.Bf4 Ng5 24.Ne7+ Kh8 25.Bxg5 Qxc7 26.Qe2 h6 27.Nd5 Qc6 28.Bf4 bxc4 29.Qxc4 g5
30.Bc1 f5 31.Kg1 Raf7 32.Re1 Be5 33.Bg2 Qb5 34.Qc2 Re8 35.Bf1 Qd7 36.Nb6 Qc6
37.Nc4 Kh7 38.Bd3 Qd7 39.Nb6 Qc6 40.Bxf5+ Kg7 41.Nc4 Bd4 42.Rxe8 Qxe8 43.Nxd6 Qe1+
44.Kg2 Rf6 45.Nc4 Rxf5 46.Qxf5 Qxc1 47.Ne5 Bxe5 48.Qxe5+ Kf7 49.Qf5+ Kg7
50.Qd7+ Kf6 51.Qd6+ Kf5 52.Qxa6 Qd2 53.Qc8+ Kf6 54.Qc6+ Kg7 55.Qxc5 Qxa2
56.b4 Qa8+ 57.Kg1 Qa1+ 58.Kh2 Qf6 59.b5 g4 60.b6 Qf3 61.Qc7+ Kh8 62.Qf4 Qc6
63.Qb8+  1-0

[Event "O2C Doeberl Cup Premier 2013"]
[Site "Canberra AUS"]
[Date "2013.03.31"]
[Round "7.2"]
[White "Van Wely,L"]
[Black "Vajda,Le"]
[Result "1/2-1/2"]
[WhiteElo "2684"]
[BlackElo "2632"]

1.d4 Nf6 2.c4 g6 3.Nf3 Bg7 4.g3 O-O 5.Bg2 d6 6.O-O Nbd7 7.Nc3 e5 8.e4 c6
9.Re1 h6 10.Rb1 Kh7 11.h3 Ne8 12.b3 a5 13.Ba3 Rg8 14.Qd2 Qf6 15.Rbd1 Nc7
16.Ne2 Re8 17.Nh2 c5 18.Ng4 Qe7 19.dxc5 dxc5 20.Nc3 Ne6 21.f4 h5 22.Ne3 exf4
23.Ned5 Qd8 24.gxf4 Nd4 25.e5 a4 26.b4 Nxe5 27.fxe5 Bxh3 28.bxc5 Bxg2 29.Kxg2 Rxe5
30.Rxe5 Bxe5 31.Qe3 Nc6 32.Rh1 f5 33.Bc1 f4 34.Qe4 Qg5+ 35.Kf1 Qg4 36.Bd2 Rf8
37.Be1 Bd4 38.Bf2 Bxf2 39.Kxf2 Qg3+ 40.Kf1 f3 41.Ne3 Kg7 42.Ncd5 Ne5 43.Qh4 Qxh4
44.Rxh4 Nd3 45.Rd4 Nxc5 46.Nc3 b6 47.Rd5 h4 48.Kf2 Rf4 49.Rd1 g5 50.Ncd5 Ne4+
51.Kf1 Rf7 52.Rd4 Ng3+ 53.Kf2 Nh1+ 54.Kg1 Ng3 55.Kf2 Nh1+ 56.Kg1 Ng3 57.Kf2  1/2-1/2

[Event "O2C Doeberl Cup Premier 2013"]
[Site "Canberra AUS"]
[Date "2013.03.31"]
[Round "7.27"]
[White "McNamara,G"]
[Black "Goundar,S"]
[Result "0-1"]
[WhiteElo "2135"]
[BlackElo "1936"]

1.Nf3 Nf6 2.d4 g6 3.g3 Bg7 4.Bg2 O-O 5.c4 d6 6.Nc3 Nc6 7.O-O a6 8.a3 Rb8
9.e3 e5 10.d5 Ne7 11.e4 Bg4 12.Qc2 Qd7 13.Re1 Bh3 14.Bh1 h6 15.b4 Nh5 16.Nd2 f5
17.f3 Rf7 18.Nb3 Rbf8 19.Be3 f4 20.Bf2 g5 21.g4 Nf6 22.Bg2 Bxg2 23.Kxg2 Nxg4
24.fxg4 Qxg4+ 25.Kf1 f3 26.Bg3 Qh3+ 27.Kg1 f2+ 28.Bxf2 Rxf2 29.Qxf2 Rxf2
30.Kxf2 Qxc3  0-1

[Event "ch-WLS 2013"]
[Site "Cardiff WLS"]
[Date "2013.03.31"]
[Round "4.10"]
[White "Davis,Le"]
[Black "Thorpe,Thomas"]
[Result "1/2-1/2"]
[WhiteElo "1921"]
[BlackElo "1863"]

1.d4 Nf6 2.g3 g6 3.Bg2 Bg7 4.Nf3 O-O 5.c4 d6 6.O-O Nbd7 7.Nc3 e5 8.h3 exd4
9.Nxd4 Nc5 10.e4 Re8 11.Re1 c6 12.Rb1 d5 13.e5 Nfe4 14.cxd5 cxd5 15.Nxe4 Nxe4
16.Be3 Bxe5 17.Qb3 Bxd4 18.Bxd4 Nd2 19.Qc3 Nxb1 20.Rxb1 Re6 21.Rd1 Rc6 22.Qe3 Be6
23.Qf4 Qe7 24.Bf6 Qd6 25.Be5 Qe7 26.Bf6  1/2-1/2

[Event "17th Neckar Open"]
[Site "Deizisau GER"]
[Date "2013.03.31"]
[Round "7.8"]
[White "Kaczmarczyk,D"]
[Black "Piorun,K"]
[Result "0-1"]
[WhiteElo "2311"]
[BlackElo "2529"]

1.d4 Nf6 2.c4 g6 3.Nf3 Bg7 4.g3 O-O 5.Bg2 d6 6.O-O Nbd7 7.Nc3 e5 8.e4 exd4
9.Nxd4 Re8 10.h3 Nc5 11.Re1 Bd7 12.Rb1 h6 13.b4 Ne6 14.Nf3 Nh7 15.Bb2 Neg5
16.Nxg5 hxg5 17.Nd5 Be5 18.Qd2 c6 19.Ne3 Nf6 20.Rbd1 a5 21.c5 axb4 22.Bxe5 dxe5
23.Nc4 Qe7 24.Nd6 Reb8 25.Qxg5 Nd5 26.Qxe7 Nxe7 27.Nxf7 Kxf7 28.Rxd7 Rxa2
29.Rb1 b5 30.Rxb4 Rc2 31.h4 Ra8 32.Rb1 Raa2 33.Rf1 Rxc5 34.f4 exf4 35.Rxf4+ Ke8
36.Rd1 Rc3 37.Rf3 Rxf3 38.Bxf3 Kf7 39.Bg4 b4 40.Rd6 Rc2 41.Be6+ Kg7 42.Kf1 Rc3
43.g4 Re3 44.Rd4 Kf6 45.Ba2 Ra3 46.Bc4 Rc3 47.Be2 c5 48.Rc4 Rxc4 49.Bxc4 Nc6
50.g5+ Ke7 51.Ke2 Ne5 52.Bg8 c4 53.Kd2 Nf3+ 54.Kc2 c3 55.Bc4 Nxh4 56.Bd3 Nf3
57.Kd1 b3  0-1

[Event "LVIII ch-Catarinense 2013"]
[Site "Florianopolis BRA"]
[Date "2013.03.31"]
[Round "6.2"]
[White "Molina,Rob"]
[Black "Matsuura,E"]
[Result "1/2-1/2"]
[WhiteElo "2414"]
[BlackElo "2473"]

1.d4 Nf6 2.c4 g6 3.Nf3 Bg7 4.g3 O-O 5.Bg2 d6 6.O-O Nbd7 7.Nc3 e5 8.Re1 c6
9.e4 Qb6 10.h3 exd4 11.Nxd4 Re8 12.Nb3 Ne5 13.Bf1 Be6 14.Be3 Qc7 15.Nd2 a5
16.Rc1 Ned7 17.f4 Nc5 18.Qf3 Rad8 19.Qf2 b6 20.Bd4 Bc8 21.Rcd1 Bb7 22.Qf3 Ne6
23.Bf2 Nd7 24.Nb3 Ndc5 25.Nxc5 bxc5 26.Qd3 Nd4  1/2-1/2

[Event "Pobeskydi Open 2013"]
[Site "Frydek-Mistek CZE"]
[Date "2013.03.31"]
[Round "8"]
[White "Horak,Ji1"]
[Black "Marikova,J"]
[Result "1/2-1/2"]
[WhiteElo "2205"]
[BlackElo "1980"]

1.d4 Nf6 2.c4 g6 3.Nf3 Bg7 4.g3 O-O 5.Bg2 d6 6.O-O c5 7.Nc3 cxd4 8.Nxd4 a6
9.b4 Qc7 10.Qb3 e5 11.Nc2 Be6 12.Ne3 Nc6 13.Ncd5 Bxd5 14.Nxd5 Nxd5 15.Bxd5 Ne7
16.Bg2 Rac8 17.Bg5 Nf5 18.Rac1 h6 19.Bd2 Nd4 20.Qd1 Qe7 21.e3 Ne6 22.a4 f5
23.Bd5 Kh7 24.Kh1 e4 25.f4 exf3 26.Qxf3 Ng5 27.Qg2 Ne4 28.Bxe4 fxe4 29.Rf4 Rxf4
30.gxf4 Qe6 31.Qe2 d5 32.c5 d4 33.exd4 Bxd4 34.Be3 Bg7 35.Qc4 Qf5 36.b5 axb5
37.axb5 Re8 38.c6 bxc6 39.bxc6 Qh3 40.Qe2 Rc8 41.c7 Qd7 42.Qc4 Qd6 43.Qc5 Qd7
44.Qc6 Qd3 45.Rg1 Rxc7 46.Qxg6+ Kh8 47.Qg3 Qd5 48.f5 Rb7 49.Qg6 Qf7 50.Qg4 Qd5
51.Qh5 Qc6 52.Qh4 Rf7 53.Qg4 Qf6 54.Qxe4  1/2-1/2

[Event "e2e4 Dublin Masters"]
[Site "Dublin IRL"]
[Date "2013.04.01"]
[Round "9"]
[White "Creighton,Terry"]
[Black "Kalaiyalahan,Akshaya"]
[Result "0-1"]
[WhiteElo "1756"]
[BlackElo "1815"]

1.Nf3 d6 2.d4 Nf6 3.g3 g6 4.Bg2 Bg7 5.c4 O-O 6.O-O Nbd7 7.Nc3 e5 8.dxe5 dxe5
9.Bg5 h6 10.Bd2 c6 11.Qc2 Qc7 12.Rad1 a5 13.Nh4 Nc5 14.Be3 Na6 15.a3 Be6
16.b3 Rad8 17.Na4 Qe7 18.Bb6 Rxd1 19.Rxd1 Qxa3 20.Bxa5 b5 21.Bxc6 bxa4 22.Bxa4 Nc5
23.Bc3 Nxa4 24.Ra1 Qd6 25.Rxa4 Rd8 26.Kg2 Bd7 27.f3 Bxa4 28.bxa4 Qd1 29.Qxd1 Rxd1
30.Bxe5 Rc1 31.f4 Rxc4 32.a5 Ra4 33.Bc7 Nd5 34.Bd6 Rxa5 35.e4 Ne3+ 36.Kf3 Nc4
37.Bc7 Ra2 38.e5 Rxh2 39.e6 fxe6 40.Nxg6 Kf7 41.Nh4 Ra2 42.Ng2 Nd2+ 43.Ke3 Nf1+
44.Kf3 Ra3+ 45.Kf2 Nxg3 46.Ne3 Nf5 47.Nc4 Ra4 48.Nd6+ Nxd6 49.Bxd6 h5 50.Kg3 Bf6
51.Kh3 Rc4 52.Kg3 Rc3+ 53.Kg2 h4 54.Bb4 Rb3 55.Bd6 h3+ 56.Kh2 Bh4 57.Be5 Bg3+
58.Kg1 Rb1+  0-1

[Event "ch-SRB w 2013"]
[Site "Pirot SRB"]
[Date "2013.04.01"]
[Round "10"]
[White "Nonkovic,B"]
[Black "Djukic,Sa"]
[Result "0-1"]
[WhiteElo "2052"]
[BlackElo "2125"]

1.Nf3 Nf6 2.c4 g6 3.g3 Bg7 4.Bg2 d6 5.d4 O-O 6.O-O Nc6 7.d5 Na5 8.Nfd2 c5
9.a3 b5 10.cxb5 Bd7 11.Nc3 Ne8 12.a4 Rb8 13.Qc2 a6 14.bxa6 Qb6 15.Qe4 Nf6
16.Qh4 Qxa6 17.e4 Rb4 18.Re1 Re8 19.Bf1 Qb7 20.Ra3 Ng4 21.Nf3 Rxb2 22.h3 Rxf2
23.Ne2 Rxf3 24.Rxf3 Ne5 25.Ra3 Qb4 26.Kf2 Nb3 27.Rxb3 Qxb3 28.Ng1 Qxa4 29.Bh6 Qd4+
30.Kg2 Qxg1+  0-1

[Event "1st Hofheim Open"]
[Site "Hofheim GER"]
[Date "2013.04.02"]
[Round "1.9"]
[White "Blechzin,I"]
[Black "Perske,Thore"]
[Result "1-0"]
[WhiteElo "2440"]
[BlackElo "2080"]

1.Nf3 Nf6 2.c4 g6 3.d4 Bg7 4.g3 O-O 5.Bg2 d6 6.Nc3 Nc6 7.d5 Na5 8.b3 a6 9.Bb2 c5
10.dxc6 Nxc6 11.O-O Rb8 12.Nd4 Bd7 13.Nd5 Nxd5 14.cxd5 Nxd4 15.Bxd4 Qa5 16.Bxg7 Kxg7
17.Qd4+ f6 18.b4 Qa4 19.Rfc1 Rbc8 20.Qe3 Kf7 21.a3 Rxc1+ 22.Rxc1 Rc8 23.h4 Rxc1+
24.Qxc1 a5 25.Qc7 axb4 26.axb4 Qb5 27.e4 Be8 28.Qc3 Bd7 29.Bf1 Qb6 30.Be2 Kg7
31.Kg2 Kf7 32.f4 e5 33.dxe6+ Bxe6 34.Bf3 Qc6 35.Qd2 Qd7 36.f5 gxf5 37.Qh6 Kg8
38.exf5 Bxf5 39.Qxf6 d5 40.Qd4 Be6 41.g4 Qd6 42.h5 Bf7 43.g5 Qe7 44.Qf4 Be6
45.h6 Qd7 46.Qb8+ Kf7 47.Qh8 Bf5 48.Bh5+ Bg6 49.Qxh7+  1-0

[Event "1st Hofheim Open"]
[Site "Hofheim GER"]
[Date "2013.04.03"]
[Round "2.18"]
[White "Buckels,Valentin"]
[Black "Gries,V"]
[Result "1/2-1/2"]
[WhiteElo "1928"]
[BlackElo "2153"]

1.d4 Nf6 2.c4 g6 3.g3 Bg7 4.Bg2 O-O 5.Nf3 d6 6.O-O Nc6 7.Nc3 a6 8.d5 Na5
9.b3 c5 10.dxc6 Nxc6 11.Bb2 Qa5 12.Qc1 Bd7 13.Rd1 Rac8 14.Nd5 Nxd5 15.Rxd5 Qc7
16.Bxg7 Kxg7 17.Qb2+ f6 18.Rd2 Nd8 19.Nd4 Ne6 20.Rc1 Nxd4 21.Qxd4 Rfd8 22.Rdc2 Bc6
23.Qe3 Bxg2 24.Kxg2 Qd7 25.f3 Rc5 26.Rd2 Rh5 27.Kg1 Qc7 28.Rcd1 Re5  1/2-1/2

[Event "1st Hofheim Open"]
[Site "Hofheim GER"]
[Date "2013.04.04"]
[Round "4.17"]
[White "Buckels,Valentin"]
[Black "Prudlo,S"]
[Result "1-0"]
[WhiteElo "1928"]
[BlackElo "2211"]

1.d4 Nf6 2.c4 g6 3.g3 Bg7 4.Bg2 O-O 5.Nf3 d6 6.O-O Nbd7 7.Qc2 e5 8.Rd1 Re8
9.dxe5 dxe5 10.e4 Qe7 11.b3 Nc5 12.Nc3 Nfd7 13.Ba3 Bf8 14.Nd5 Qd8 15.Bh3 c6
16.Ne3 Qf6 17.Bg2 a5 18.Bb2 h5 19.Bc3 Bg7 20.Rab1 Qe7 21.b4 axb4 22.Bxb4 Qf6
23.h4 Bf8 24.Ne1 Ne6 25.Bxf8 Nd4 26.Qb2 Nxf8 27.c5 Nd7 28.Rdc1 Qe7 29.Nd3 Ra5
30.Qd2 Ra4 31.Rb2 Rd8 32.Qd1 Ra5 33.Nc4 Rb5 34.a4 Rxb2 35.Ncxb2 Nf8 36.Nc4 f6
37.Nd6 Be6 38.Rb1 b5 39.axb5 cxb5 40.Nb4 Qc7  1-0

[Event "1st Hofheim Open"]
[Site "Hofheim GER"]
[Date "2013.04.05"]
[Round "5.12"]
[White "Buckels,Valentin"]
[Black "Pogan,N"]
[Result "1/2-1/2"]
[WhiteElo "1928"]
[BlackElo "2227"]

1.d4 Nf6 2.c4 g6 3.g3 Bg7 4.Bg2 O-O 5.Nf3 d6 6.O-O Nc6 7.Nc3 a6 8.d5 Na5
9.b3 c5 10.dxc6 Nxc6 11.Bb2 Qa5 12.Qc1 Qh5 13.e4 Bg4 14.Ne1 Bh6 15.Qb1 e5
16.f3 Bh3 17.Qd3 Nd4 18.Nc2 Nxc2 19.Qxc2 Be3+ 20.Kh1 Rad8 21.Rad1 Be6 22.Rd3 Bd4
23.Ne2 Bxb2 24.Qxb2 Ne8 25.Qd2 Rc8 26.f4 Bg4 27.Nc3 Kg7 28.Re3 Rc6 29.f5 Nf6
30.Nd5 Nxd5 31.exd5 Rc5 32.f6+ Kh8 33.Re4 g5 34.Qe3 Rfc8 35.Bf3 Bxf3+ 36.Rxf3 b5
37.g4 Qg6 38.Qe2 bxc4 39.bxc4 Rb8 40.Rf5 Rb1+ 41.Kg2 Ra5 42.Re3 Ra1 43.a3 Rb1  1/2-1/2

[Event "TCh-NOR Eliteserien 2012-13"]
[Site "Haraldsheim NOR"]
[Date "2013.04.06"]
[Round "8"]
[White "Kveinys,A"]
[Black "Gullaksen,E"]
[Result "1/2-1/2"]
[WhiteElo "2526"]
[BlackElo "2384"]

1.d4 Nf6 2.Nf3 g6 3.c4 Bg7 4.g3 O-O 5.Bg2 d6 6.O-O c6 7.Nc3 Qb6 8.Qc2 Qa6
9.Nd2 Be6 10.d5 cxd5 11.cxd5 Bd7 12.e4 b5 13.Re1 b4 14.Ne2 Rc8 15.Qd1 Ng4
16.Nb3 Qb6 17.Rf1 Bb5 18.h3 Ne5 19.Be3 Qa6 20.Nbd4 Nc4 21.Bc1 Nxb2 22.Bxb2 Bxe2
23.Nxe2 Bxb2 24.Rb1 Bc3 25.h4 Nd7 26.Bh3 Rc7 27.Bxd7 Rxd7 28.Qc2 Rc8 29.Rfc1 Rdc7
30.Nf4 Be5 31.Qxc7 Rxc7 32.Rxc7 Bxf4 33.gxf4 Qe2 34.Rxe7 a5 35.Rc1 Qg4+ 36.Kf1 Qxh4
37.Rcc7 Qxf4 38.e5 Qd2 39.Re8+ Kg7 40.e6 Qd1+ 41.Kg2 Qxd5+ 42.Kg1 Qd1+ 43.Kg2 Qg4+  1/2-1/2

[Event "TCh-AUT 2 East 2012-13"]
[Site "Austria AUT"]
[Date "2013.04.07"]
[Round "11.1"]
[White "Loeffler,S"]
[Black "Videki,S"]
[Result "1/2-1/2"]
[WhiteElo "2410"]
[BlackElo "2429"]

1.d4 d6 2.Nf3 g6 3.g3 Nf6 4.Bg2 Bg7 5.c4 O-O 6.Nc3 Nc6 7.O-O a6 8.b3 Rb8
9.d5 Na5 10.Bd2 c5 11.a4 e6 12.dxe6 fxe6 13.Bf4 Ne8 14.Rc1 Nc6 15.Ne4 e5
16.Bg5 Qc7 17.Qd5+ Kh8 18.Rcd1 Nd4 19.Nxd4 cxd4 20.f4 Bf5 21.g4 Bxe4 22.Bxe4 Nf6
23.Bxf6 Bxf6 24.Rd3 Qc5 25.Rdf3 Qxd5 26.Bxd5 Be7 27.a5 b6 28.axb6 Rxb6 29.c5 dxc5
30.fxe5 Rbb8  1/2-1/2

[Event "Open Golden Island Krk"]
[Site "Malinska CRO"]
[Date "2013.04.09"]
[Round "5.2"]
[White "Cvitan,O"]
[Black "Jelica,M"]
[Result "1-0"]
[WhiteElo "2561"]
[BlackElo "2224"]

1.d4 Nf6 2.Nf3 g6 3.c4 Bg7 4.g3 O-O 5.Bg2 d6 6.O-O c6 7.Nc3 Nbd7 8.e4 Qa5
9.h3 e5 10.Re1 exd4 11.Nxd4 Ne5 12.Bf1 Re8 13.Rb1 Be6 14.b4 Qc7 15.f4 Nxc4
16.Nxe6 Rxe6 17.Bxc4 d5 18.Bb3 Nxe4 19.Nxe4 Rae8 20.Bd2 Rxe4 21.Rxe4 Rxe4
22.Qf3 Qe7 23.Kf1 Qd7 24.g4 b6 25.Re1 Bf8 26.Rxe4 dxe4 27.Qe3 Qe8 28.Bc3 Bg7
29.Bxg7 Kxg7 30.Qd4+ Kg8 31.Qe5  1-0

[Event "15th Dubai Open 2013"]
[Site "Dubai UAE"]
[Date "2013.04.10"]
[Round "4.27"]
[White "Khademalsharieh,S"]
[Black "Paehtz,E"]
[Result "1-0"]
[WhiteElo "2267"]
[BlackElo "2479"]

1.d4 d6 2.Nf3 g6 3.g3 Bg7 4.c4 Nf6 5.Bg2 O-O 6.Nc3 c6 7.O-O Qb6 8.b3 e5 9.Ba3 Qa5
10.Qc1 Rd8 11.b4 Qc7 12.Rd1 Nbd7 13.b5 exd4 14.Nxd4 c5 15.Nb3 Nb6 16.Nd2 Be6
17.Bb2 Qe7 18.a4 Rab8 19.Ncb1 a5 20.Ra3 h5 21.h4 Ra8 22.Bf3 Re8 23.Ba1 Qc7
24.Bb2 Rad8 25.Bc3 Nbd7 26.b6 Qb8 27.Bxa5 Ne5 28.Bg2 Bg4 29.Re1 Ned7 30.e3 Ne5
31.Qc2 Nfd7 32.Bc3 Bf5 33.e4 Be6 34.a5 Nf6 35.Bxe5 dxe5 36.Nc3 Nd7 37.Nb5 Nf8
38.Nc7 Re7 39.Nd5 Ree8 40.Nb1 Bc8 41.Nbc3 Ne6 42.Nb5 Nd4 43.Qb2 f5 44.Nbc7 Rf8
45.a6 bxa6 46.Ne7+ Kh7 47.Nxc8 Rxc8 48.Nxa6 Qb7 49.exf5 e4 50.Bxe4 Qd7 51.Qb1 gxf5
52.Bd5 Rce8 53.Rxe8 Rxe8 54.b7 Be5 55.b8=Q Bxb8 56.Nxb8 Qd6 57.Ra7+ Kh8 58.Qb7 Qh6
59.Qa6  1-0

[Event "Open Golden Island Krk"]
[Site "Malinska CRO"]
[Date "2013.04.12"]
[Round "9.1"]
[White "Jakovljevic,Vlado"]
[Black "Nevednichy,V"]
[Result "0-1"]
[WhiteElo "2433"]
[BlackElo "2553"]

1.Nf3 g6 2.c4 Bg7 3.d4 Nf6 4.g3 O-O 5.Bg2 d6 6.Nc3 c6 7.O-O Qa5 8.e4 e5 9.h3 Nbd7
10.Re1 exd4 11.Nxd4 Ne5 12.Bf1 Re8 13.Be3 c5 14.Nb3 Qb4 15.Qxd6 Nf3+ 16.Kh1 Nxe1
17.Bxc5 Qxc3 18.bxc3 Nxe4 19.Qd5 Bxc3 20.Rxe1 Bxe1 21.Kg1 a5 22.Bg2 Bf5 23.g4 Rad8
24.Qxb7 Nxc5 25.Nxc5 Rd2 26.Ne4 Bxe4 27.Bxe4 Bxf2+ 28.Kf1 Bh4 29.Qc6 Re6
30.Qb7 Rf6+ 31.Kg1 Rd1+  0-1

[Event "7th Agzamov Memorial"]
[Site "Tashkent UZB"]
[Date "2013.04.16"]
[Round "3"]
[White "Barsov,A"]
[Black "Anarkulov,A"]
[Result "1-0"]
[WhiteElo "2533"]
[BlackElo "2253"]

1.d4 Nf6 2.Nf3 g6 3.c4 Bg7 4.g3 O-O 5.Bg2 d6 6.O-O Nbd7 7.Nc3 e5 8.e4 c6
9.h3 Re8 10.Re1 Qc7 11.Be3 Nf8 12.Rc1 Ne6 13.Qd2 Bd7 14.Red1 Rad8 15.Qc2 Bc8
16.d5 Nc5 17.b4 Na6 18.Qa4 c5 19.b5 Nb8 20.Qxa7 Nbd7 21.Qa4 Nb6 22.Qb3 Bd7
23.a4 Ra8 24.Ra1 Ra5 25.Bd2 Rea8 26.Ra2 Qc8 27.Kh2 Nh5 28.Rda1 f5 29.exf5 gxf5
30.Ne2 e4 31.Bxa5 Rxa5 32.Nd2 Qd8 33.Rc1 Qg5 34.f4 Qg6 35.Nf1 Kh8 36.Ne3 Nc8
37.b6 Ne7 38.Qd1 Ng8 39.Qd2 Ra6 40.a5 Ngf6  1-0

[Event "4th LUCOPEN 2013"]
[Site "Lille FRA"]
[Date "2013.04.18"]
[Round "8.12"]
[White "Wirig,A"]
[Black "Weill,R"]
[Result "1-0"]
[WhiteElo "2481"]
[BlackElo "2138"]

1.d4 Nf6 2.Nf3 g6 3.c4 Bg7 4.g3 O-O 5.Bg2 d6 6.O-O Nc6 7.Nc3 Bg4 8.Be3 Qd7
9.d5 Nd8 10.Re1 Bh3 11.Bh1 Ng4 12.Bd2 h6 13.Bg2 Bxg2 14.Kxg2 e5 15.h3 Nf6
16.e4 Kh7 17.c5 Ne8 18.Qa4 Qe7 19.cxd6 Nxd6 20.Re2 f5 21.exf5 Nxf5 22.Nxe5 Bxe5
23.f4 Nxg3 24.Rxe5 Qh4 25.Be1 Rxf4 26.Bxg3 Rxa4 27.Bxh4 Rxh4 28.Re7+ Kg8
29.Rf1  1-0

[Event "ch-LTU 2013"]
[Site "Vilnius LTU"]
[Date "2013.04.20"]
[Round "9.5"]
[White "Vedrickas,T"]
[Black "Juknis,P"]
[Result "1-0"]
[WhiteElo "2279"]
[BlackElo "2167"]

1.d4 g6 2.Nf3 Bg7 3.g3 Nf6 4.Bg2 O-O 5.c4 d6 6.Nc3 c6 7.O-O Qa5 8.d5 cxd5
9.cxd5 Bd7 10.Be3 Na6 11.a3 Rfc8 12.b4 Qd8 13.Rc1 Ne8 14.Bd4 Bxd4 15.Qxd4 Qb6
16.Qh4 Nf6 17.Ne4 Nxe4 18.Qxe4 Qd8 19.Nd4 Nc7 20.Qd3 a6 21.Nb3 Ne8 22.Qe3 Rxc1
23.Rxc1 Rc8 24.Na5 Rxc1+ 25.Qxc1 Qb6 26.e3 Nf6 27.h3 Ne8 28.Kh2 Nc7 29.Nc4 Qb5
30.Nxd6  1-0

[Event "TCh-HUN 2012-13"]
[Site "Budapest HUN"]
[Date "2013.04.21"]
[Round "9"]
[White "Gonda,L"]
[Black "Konnyu,J"]
[Result "1/2-1/2"]
[WhiteElo "2528"]
[BlackElo "2328"]

1.d4 Nf6 2.c4 g6 3.Nf3 Bg7 4.g3 d6 5.Bg2 O-O 6.Nc3 Nc6 7.O-O Rb8 8.Bf4 a6
9.Rc1 Nd7 10.b3 Re8 11.d5 Na7 12.e4 c5 13.Re1 b5 14.e5 dxe5 15.Nxe5 Nxe5
16.Bxe5 Bxe5 17.Rxe5 b4 18.Na4 Qd6 19.Qe2 Bd7 20.Nb2 e6 21.dxe6 Rxe6 22.Rxe6 Bxe6
23.Rd1 Qc7 24.Qe3 a5 25.h4 Rc8 26.Na4 h5 27.Rd2 Qe7 28.Qg5 Qxg5 29.hxg5 Kf8
30.Rd6 Ke7 31.Ra6 Rc7 32.Rxa5 Kd6 33.f4 Nc8 34.a3 bxa3 35.Nc3 Ke7 36.Rxa3 Nd6
37.Kf2 Nf5 38.Nd5+ Bxd5 39.Bxd5 Nd4 40.Be4 Kf8 41.Ra8+ Kg7 42.Rb8 Ra7 43.Bd5 Ra2+
44.Ke3 Ra3 45.Ke4 Rxb3 46.Rxb3 Nxb3 47.Ke5 Nd4 48.Kd6 Nf5+ 49.Kxc5 Nxg3 50.Kd6 Nf5+
51.Ke5 Ne3 52.c5 Nxd5 53.Kxd5 h4  1/2-1/2

[Event "Cork Masters 2013"]
[Site "Cork IRL"]
[Date "2013.04.21"]
[Round "5.2"]
[White "Baburin,A"]
[Black "Rawlinson,A"]
[Result "1-0"]
[WhiteElo "2534"]
[BlackElo "2171"]

1.d4 g6 2.Nf3 Bg7 3.g3 Nf6 4.Bg2 O-O 5.c4 d6 6.O-O Nc6 7.Nc3 a6 8.d5 Na5
9.Nd2 c5 10.Rb1 Rb8 11.b3 b5 12.Bb2 e5 13.dxe6 fxe6 14.cxb5 axb5 15.Nde4 Nxe4
16.Nxe4 Nb7 17.Bxg7 Kxg7 18.b4 c4 19.Qd4+ Kg8 20.Nc3 Bd7 21.Bxb7 Rxb7 22.Qxd6 Rb6
23.Qd4 Bc6 24.Rfd1 Qxd4 25.Rxd4 Ra8 26.Rd6 Ra3 27.Nxb5 Rxb5 28.Rxc6 Rxa2
29.Rxe6 Ra4 30.Rd1 Ra7 31.Rc6 Rxb4 32.Rd4 Rb2 33.Re4  1-0

[Event "TCh-CZE Div1 Vychod 2012-13"]
[Site "Czech Republic CZE"]
[Date "2013.04.21"]
[Round "11.6"]
[White "Beil,Z"]
[Black "Kolasin,J"]
[Result "1-0"]
[WhiteElo "2253"]
[BlackElo "2001"]

1.d4 Nf6 2.Nf3 g6 3.c4 Bg7 4.g3 O-O 5.Bg2 d6 6.O-O Nbd7 7.Nc3 e5 8.e4 c6
9.Re1 Qc7 10.h3 Re8 11.Be3 h6 12.Qc2 Nf8 13.Rad1 g5 14.dxe5 dxe5 15.Bc5 Ng6
16.Bd6 Qa5 17.b4 Qa6 18.b5 Qa5 19.Nd2 Bd7 20.Nb3 Qd8 21.bxc6 bxc6 22.Na4 Qc8
23.Kh2 Bf8 24.Nac5 Rd8 25.Bxf8 Nxf8 26.Rd6 Ne8 27.Rd3 Be6 28.Red1 Qc7 29.Qd2 Rxd3
30.Qxd3 Nf6 31.Bf1 Ne8 32.a4 f6 33.a5 Bf7 34.a6 Qb6 35.Kg1 Ne6 36.Qe3 Nd4
37.Nxd4 Qxc5 38.Nf5 Qxe3 39.fxe3 Kf8 40.c5 h5 41.Rd7 Be6 42.Rb7 Bc8 43.Rh7 Kg8
44.Re7 Kf8 45.Bc4 Bxf5 46.Rf7+  1-0

[Event "TCh-CZE Div1 Zapad 2012-13"]
[Site "Czech Republic CZE"]
[Date "2013.04.21"]
[Round "11.8"]
[White "Urban,Z"]
[Black "Boleslav,P"]
[Result "0-1"]
[WhiteElo "2152"]
[BlackElo "2076"]

1.d4 Nf6 2.Nf3 g6 3.c4 Bg7 4.g3 O-O 5.Bg2 d6 6.Nc3 Nc6 7.d5 Na5 8.b3 c5 9.Bb2 a6
10.Nd2 Rb8 11.Qc2 b5 12.Rb1 Bh6 13.Nde4 Nxe4 14.Nxe4 bxc4 15.bxc4 Rb4 16.Bc3 Rxb1+
17.Qxb1 Nxc4 18.Qb3 Qb6 19.O-O Qxb3 20.axb3 Nb6 21.Nd2 Bd7 22.Ra1 Bb5 23.e4 Bg7
24.Rc1 Bxc3 25.Rxc3 a5 26.f4 Ra8 27.e5 a4 28.bxa4 Rxa4 29.Nb3 Ra3 30.exd6 exd6
31.Rf3 Bc4 32.Nd2 Ra1+ 33.Nf1 Nxd5 34.f5 gxf5 35.h4 Be2 36.Rb3 f4 37.Bxd5 Rxf1+
38.Kg2 f3+ 39.Bxf3 Rxf3 40.Rb8+ Kg7 41.Rb2 Re3 42.Kf2 Re5 43.Rxe2 Rxe2+ 44.Kxe2 f5  0-1